| 000 | 00962nac a22002657a 4500 | ||
|---|---|---|---|
| 001 | BR7600344 | ||
| 003 | BR-BrBNA | ||
| 005 | 20240105113908.0 | ||
| 008 | 230509b bl.|||m| |||| 00| 0 por d | ||
| 040 |
_aBR-BrBNA _bpor _cBiblioteca Nacional de Agricultura |
||
| 072 | _aF00; E15 | ||
| 090 | _a0430 BR7600344 | ||
| 110 | 1 |
_aEmpresa Brasileira de Pesquisa Agropecuaria, Brasilia, DF _93834 |
|
| 245 | 1 | _aSistema de producao para o algodao herbaceo - Goias [Pratica cultural; Custo de producao; Brasil] | |
| 260 | 3 |
_aGoiania, GO (Brasil): _bAssociacao de Credito e Assistencia Rural do Estado de Goias, _c1975. |
|
| 300 | _a41 p. | ||
| 490 |
_aCircular - Empresa Brasileira de Pesquisa Agropecuaria (Brazil) _vno. 33 _x |
||
| 650 | _aALGODAO HERBACEO | ||
| 650 | _aPRATICA CULTURAL | ||
| 650 | _aCUSTO DE PRODUCAO | ||
| 650 | _aESTATISTICA DE PRODUCAO | ||
| 650 | _aGOIAS | ||
| 909 |
_a202312 _bLúcia Elande _c55 _dLúcia Elande |
||
| 942 |
_2AGRIS _n0 _cMS |
||
| 999 |
_c266206 _d266206 |
||